000
00301 a2200121 4500
005
20250627130414.0
020
_a
978-0-07-351179-5
082
_a
349.73 BEN
100
_a
BENTON, S. D
245
_a
Introduction to the Law for Paralegals
260
_a
Boston
_b
McGraw-Hill Irwin
_c
2008.
942
_2
ddc
_c
BKS
999
_c
5644
_d
5644